<?xml version="1.0" encoding="UTF-8"?>
<record
    xmlns:xsi="http://www.w3.org/2001/XMLSchema-instance"
    xsi:schemaLocation="http://www.loc.gov/MARC21/slim http://www.loc.gov/standards/marcxml/schema/MARC21slim.xsd"
    xmlns="http://www.loc.gov/MARC21/slim">

  <leader>02300nam a22002657a 4500</leader>
  <controlfield tag="003">Uzh_bibl</controlfield>
  <controlfield tag="008">260514b        |||||||| |||| 00| 0 ukr d</controlfield>
  <datafield tag="020" ind1=" " ind2=" ">
    <subfield code="a">978-966-03-7522-2</subfield>
    <subfield code="c">87.10</subfield>
  </datafield>
  <datafield tag="040" ind1=" " ind2=" ">
    <subfield code="b">&#x443;&#x43A;&#x440;.</subfield>
  </datafield>
  <datafield tag="041" ind1=" " ind2=" ">
    <subfield code="2">eng</subfield>
    <subfield code="a">ukr</subfield>
  </datafield>
  <datafield tag="080" ind1=" " ind2=" ">
    <subfield code="a">821(73)</subfield>
  </datafield>
  <datafield tag="090" ind1=" " ind2=" ">
    <subfield code="a">821(73)</subfield>
    <subfield code="b">&#x411; 43</subfield>
  </datafield>
  <datafield tag="100" ind1=" " ind2=" ">
    <subfield code="a">&#x411;&#x435;&#x43B;&#x43B;&#x43E;&#x443;,&#x421;&#x43E;&#x43B;</subfield>
  </datafield>
  <datafield tag="245" ind1=" " ind2=" ">
    <subfield code="a">&#x413;&#x435;&#x440;&#x446;&#x43E;&#x433;</subfield>
    <subfield code="c">&#x43F;&#x435;&#x440;. &#x437; &#x430;&#x43D;&#x433;&#x43B;. &#x412;. &#x427;&#x430;&#x439;&#x43A;&#x43E;&#x432;&#x441;&#x44C;&#x43A;&#x43E;&#x433;&#x43E;,&#x445;&#x443;&#x434;&#x43E;&#x436;.-&#x43E;&#x444;&#x43E;&#x440;&#x43C;&#x43B;&#x44E;&#x432;&#x430;&#x447; &#x41B;.&#x41F;.&#x412;&#x438;&#x440;&#x43E;&#x432;&#x435;&#x446;&#x44C;</subfield>
    <subfield code="h">&#x422;&#x435;&#x43A;&#x441;&#x442;</subfield>
  </datafield>
  <datafield tag="260" ind1=" " ind2=" ">
    <subfield code="a">&#x425;&#x430;&#x440;&#x43A;&#x456;&#x432;</subfield>
    <subfield code="b">&#x424;&#x43E;&#x43B;&#x456;&#x43E;</subfield>
    <subfield code="c">2016</subfield>
  </datafield>
  <datafield tag="300" ind1=" " ind2=" ">
    <subfield code="a">411 &#x441;.</subfield>
    <subfield code="f">&#x412; &#x43E;&#x43F;&#x440;.</subfield>
  </datafield>
  <datafield tag="490" ind1=" " ind2=" ">
    <subfield code="a">&#x421;&#x435;&#x440;&#x456;&#x44F; "&#x41A;&#x430;&#x440;&#x442;&#x430; &#x441;&#x432;&#x456;&#x442;&#x443;"</subfield>
  </datafield>
  <datafield tag="520" ind1=" " ind2=" ">
    <subfield code="a">&#x421;&#x43E;&#x43B; &#x411;&#x435;&#x43B;&#x43B;&#x43E;&#x443; (1915, &#x41A;&#x430;&#x43D;&#x430;&#x434;&#x430; &#x2014; 2005, &#x421;&#x428;&#x410;) &#x2014; &#x430;&#x43C;&#x435;&#x440;&#x438;&#x43A;&#x430;&#x43D;&#x441;&#x44C;&#x43A;&#x438;&#x439; &#x43F;&#x438;&#x441;&#x44C;&#x43C;&#x435;&#x43D;&#x43D;&#x438;&#x43A; &#x454;&#x432;&#x440;&#x435;&#x439;&#x441;&#x44C;&#x43A;&#x43E;&#x433;&#x43E; &#x43F;&#x43E;&#x445;&#x43E;&#x434;&#x436;&#x435;&#x43D;&#x43D;&#x44F;, &#x441;&#x438;&#x43D; &#x435;&#x43C;&#x456;&#x433;&#x440;&#x430;&#x43D;&#x442;&#x456;&#x432; &#x437; &#x420;&#x43E;&#x441;&#x456;&#x457;, &#x432;&#x438;&#x434;&#x430;&#x442;&#x43D;&#x438;&#x439; &#x440;&#x43E;&#x43C;&#x430;&#x43D;&#x456;&#x441;&#x442; &#x425;&#x425; &#x441;&#x442;&#x43E;&#x43B;&#x456;&#x442;&#x442;&#x44F;, &#x43B;&#x430;&#x443;&#x440;&#x435;&#x430;&#x442; &#x41D;&#x43E;&#x431;&#x435;&#x43B;&#x456;&#x432;&#x441;&#x44C;&#x43A;&#x43E;&#x457; &#x43F;&#x440;&#x435;&#x43C;&#x456;&#x457; &#x437; &#x43B;&#x456;&#x442;&#x435;&#x440;&#x430;&#x442;&#x443;&#x440;&#x438; 1976 &#x440;&#x43E;&#x43A;&#x443;.&lt;br/&gt;&lt;br/&gt;&#x420;&#x43E;&#x43C;&#x430;&#x43D; &#xAB;&#x413;&#x435;&#x440;&#x446;&#x43E;&#x491;&#xBB; &#x432;&#x438;&#x439;&#x448;&#x43E;&#x432; &#x434;&#x440;&#x443;&#x43A;&#x43E;&#x43C; &#x443; 1964 &#x440;&#x43E;&#x446;&#x456;, &#x431;&#x443;&#x432; &#x432;&#x456;&#x434;&#x437;&#x43D;&#x430;&#x447;&#x435;&#x43D;&#x438;&#x439; &#x41D;&#x430;&#x446;&#x456;&#x43E;&#x43D;&#x430;&#x43B;&#x44C;&#x43D;&#x43E;&#x44E; &#x43A;&#x43D;&#x438;&#x436;&#x43A;&#x43E;&#x432;&#x43E;&#x44E; &#x43F;&#x440;&#x435;&#x43C;&#x456;&#x454;&#x44E; &#x421;&#x428;&#x410;, &#x43F;&#x435;&#x440;&#x435;&#x43A;&#x43B;&#x430;&#x434;&#x435;&#x43D;&#x438;&#x439; &#x431;&#x430;&#x433;&#x430;&#x442;&#x44C;&#x43C;&#x430; &#x43C;&#x43E;&#x432;&#x430;&#x43C;&#x438; &#x441;&#x432;&#x456;&#x442;&#x443;. &#x426;&#x435; &#x456;&#x441;&#x442;&#x43E;&#x440;&#x456;&#x44F; &#x43F;&#x440;&#x43E;&#x444;&#x435;&#x441;&#x43E;&#x440;&#x430; &#x443;&#x43D;&#x456;&#x432;&#x435;&#x440;&#x441;&#x438;&#x442;&#x435;&#x442;&#x443; &#x41C;&#x43E;&#x439;&#x441;&#x435;&#x44F; &#x413;&#x435;&#x440;&#x446;&#x43E;&#x491;&#x430;, &#x44F;&#x43A;&#x438;&#x439; &#x43F;&#x456;&#x441;&#x43B;&#x44F; &#x442;&#x43E;&#x433;&#x43E;, &#x44F;&#x43A; &#x432;&#x456;&#x434; &#x43D;&#x44C;&#x43E;&#x433;&#x43E; &#x43F;&#x456;&#x448;&#x43B;&#x430; &#x434;&#x440;&#x443;&#x436;&#x438;&#x43D;&#x430;, &#x437;&#x430;&#x431;&#x440;&#x430;&#x432;&#x448;&#x438; &#x434;&#x43E;&#x43D;&#x44C;&#x43A;&#x443;, &#x43F;&#x43E;&#x447;&#x438;&#x43D;&#x430;&#x454; &#x448;&#x443;&#x43A;&#x430;&#x442;&#x438; &#x441;&#x435;&#x43D;&#x441; &#x431;&#x443;&#x442;&#x442;&#x44F;... &#x412;&#x456;&#x43D; &#x43F;&#x438;&#x448;&#x435; &#x43B;&#x438;&#x441;&#x442;&#x438;, &#x43F;&#x440;&#x43E;&#x442;&#x435; &#x43D;&#x435; &#x43D;&#x430;&#x434;&#x441;&#x438;&#x43B;&#x430;&#x454; &#x457;&#x445;. &#x419;&#x43E;&#x433;&#x43E; &#x430;&#x434;&#x440;&#x435;&#x441;&#x430;&#x442;&#x438; &#x2014; &#x441;&#x442;&#x430;&#x440;&#x43E;&#x434;&#x430;&#x432;&#x43D;&#x456; &#x456; &#x441;&#x435;&#x440;&#x435;&#x434;&#x43D;&#x44C;&#x43E;&#x432;&#x456;&#x447;&#x43D;&#x456; &#x444;&#x456;&#x43B;&#x43E;&#x441;&#x43E;&#x444;&#x438;, &#x43F;&#x438;&#x441;&#x44C;&#x43C;&#x435;&#x43D;&#x43D;&#x438;&#x43A;&#x438; (&#x456; &#x432;&#x436;&#x435; &#x43F;&#x43E;&#x43C;&#x435;&#x440;&#x43B;&#x456;, &#x456; &#x436;&#x438;&#x432;&#x456;), &#x43F;&#x43E;&#x43B;&#x456;&#x442;&#x438;&#x43A;&#x438; (&#x437;&#x43E;&#x43A;&#x440;&#x435;&#x43C;&#x430; &#x43F;&#x440;&#x435;&#x437;&#x438;&#x434;&#x435;&#x43D;&#x442; &#x421;&#x428;&#x410;), &#x434;&#x430;&#x432;&#x43D;&#x456; &#x434;&#x440;&#x443;&#x437;&#x456; &#x439; &#x432;&#x43E;&#x440;&#x43E;&#x433;&#x438;, &#x432;&#x438;&#x43F;&#x430;&#x434;&#x43A;&#x43E;&#x432;&#x456; &#x437;&#x43D;&#x430;&#x439;&#x43E;&#x43C;&#x456;... &#x41E;&#x440;&#x438;&#x433;&#x456;&#x43D;&#x430;&#x43B;&#x44C;&#x43D;&#x438;&#x439; &#x441;&#x43F;&#x43E;&#x441;&#x456;&#x431; &#x432;&#x456;&#x434;&#x43D;&#x430;&#x439;&#x442;&#x438; &#x441;&#x435;&#x431;&#x435;, &#x440;&#x43E;&#x437;&#x43C;&#x43E;&#x432;&#x43B;&#x44F;&#x44E;&#x447;&#x438; &#x437; &#x43B;&#x44E;&#x434;&#x44C;&#x43C;&#x438;, &#x44F;&#x43A;&#x456; &#x43D;&#x435; &#x43C;&#x43E;&#x436;&#x443;&#x442;&#x44C; &#x432;&#x456;&#x434;&#x43F;&#x43E;&#x432;&#x456;&#x441;&#x442;&#x438; &#x43D;&#x430; &#x442;&#x432;&#x43E;&#x457; &#x437;&#x430;&#x43F;&#x438;&#x442;&#x430;&#x43D;&#x43D;&#x44F;&#x2026;</subfield>
  </datafield>
  <datafield tag="521" ind1=" " ind2=" ">
    <subfield code="a">&#x414;&#x43B;&#x44F; &#x448;&#x438;&#x440;&#x43E;&#x43A;&#x43E;&#x433;&#x43E; &#x43A;&#x43E;&#x43B;&#x430; &#x447;&#x438;&#x442;&#x430;&#x447;&#x456;&#x432;</subfield>
  </datafield>
  <datafield tag="546" ind1=" " ind2=" ">
    <subfield code="a">&#x443;&#x43A;&#x440;.</subfield>
  </datafield>
  <datafield tag="650" ind1=" " ind2=" ">
    <subfield code="a">&#x41B;&#x456;&#x442;&#x435;&#x440;&#x430;&#x442;&#x443;&#x440;&#x43D;&#x43E;-&#x445;&#x443;&#x434;&#x43E;&#x436;&#x43D;&#x454; &#x432;&#x438;&#x434;&#x430;&#x43D;&#x43D;&#x44F;</subfield>
  </datafield>
  <datafield tag="653" ind1=" " ind2=" ">
    <subfield code="a">&#x41B;&#x438;&#x441;&#x442;&#x438; </subfield>
    <subfield code="a">&#x41F;&#x43E;&#x448;&#x443;&#x43A; &#x441;&#x435;&#x431;&#x435;</subfield>
    <subfield code="a">&#x420;&#x43E;&#x437;&#x43B;&#x443;&#x447;&#x435;&#x43D;&#x43D;&#x44F;</subfield>
  </datafield>
  <datafield tag="655" ind1=" " ind2=" ">
    <subfield code="a">&#x41F;&#x440;&#x43E;&#x437;&#x430;</subfield>
    <subfield code="v">&#x420;&#x43E;&#x43C;&#x430;&#x43D;</subfield>
  </datafield>
  <datafield tag="942" ind1=" " ind2=" ">
    <subfield code="2">udc</subfield>
    <subfield code="c">BK</subfield>
  </datafield>
  <datafield tag="999" ind1=" " ind2=" ">
    <subfield code="c">17756</subfield>
    <subfield code="d">17756</subfield>
  </datafield>
  <datafield tag="952" ind1=" " ind2=" ">
    <subfield code="0">0</subfield>
    <subfield code="1">0</subfield>
    <subfield code="2">udc</subfield>
    <subfield code="4">0</subfield>
    <subfield code="7">0</subfield>
    <subfield code="a">F5</subfield>
    <subfield code="b">F5</subfield>
    <subfield code="c">ABP</subfield>
    <subfield code="d">2026-05-14</subfield>
    <subfield code="i">67492</subfield>
    <subfield code="l">0</subfield>
    <subfield code="o">821(73)</subfield>
    <subfield code="p">4228</subfield>
    <subfield code="r">2026-05-14</subfield>
    <subfield code="w">2026-05-14</subfield>
    <subfield code="y">BK</subfield>
  </datafield>
</record>
